000 00827nam a2200241Ia 4500
003 OSt
005 20220923223420.0
006 a|||||r|||| 00| 0
007 ta
008 220922b |||||||| |||| 00| 0 hin d
024 _a215,029
037 _cTextual
040 _aARTS
_cARTS
_bhin
041 _2hin
_ahin
082 _aO152,3N12,58, M5;1
100 _aमित्र, विमल; शडंख्धर, जगत, अनु.
_9167373
245 0 _aबीच में है नदी
246 _aBīch mean hai nadī
260 _aदिल्ली
_b राधा कृष्ण प्रका0
_c1985
300 _a131 पृ.
_ccm.
942 _hO152,3N12,58, M5;1
_cTEXL
_2CC
999 _c364943
_d364943